[Event "Chigorin Memorial 2014"]
[Site "St Petersburg RUS"]
[Date "2014.10.22"]
[Round "5.31"]
[White "Zhurikhin, Alexander"]
[Black "Levin, Evgeny A."]
[Result "1/2-1/2"]
[WhiteTitle "FM"]
[BlackTitle "GM"]
[WhiteElo "2347"]
[BlackElo "2507"]
[WhiteFideId "4139569"]
[BlackFideId "4182596"]
[EventDate "2014.10.18"]

1. e4 c5 2. Nf3 e6 3. g3 Nc6 4. Bg2 Nf6 5. Qe2 d6 6. O-O Be7 7. c3 O-O 8. d4 d5
9. e5 Nd7 10. dxc5 Nxc5 11. Rd1 Qc7 12. c4 dxc4 13. Na3 Rd8 14. Nxc4 Rxd1+ 15.
Qxd1 Bd7 16. a3 Rd8 17. Bf4 Be8 18. Qc2 Nd3 19. Nd6 Nxf4 20. Nxe8 Rxe8 21. gxf4
Qb6 22. Rd1 g6 23. Rd7 Rd8 24. Rxd8+ Qxd8 25. Qd2 Qb6 26. Bf1 a5 27. Bc4 Bc5 28.
Kg2 Ne7 29. a4 Qc7 30. b3 Kg7 31. Qd3 Qc6 32. Kg1 Qb6 33. Qd2 h6 34. Nh4 Qc7 35.
h3 Bb4 36. Qe3 Qd8 37. Qd3 Qxd3 38. Bxd3 Nd5 39. Ng2 Bd2 40. Be4 Nxf4 41. Nxf4
Bxf4 42. Bxb7 Bxe5 43. Kg2 Bd4 44. Bc6 Kf6 45. Be8 Ke7 46. Bb5 g5 47. Be2 Kd6
48. Bh5 f6 49. Bf7 Ke5 50. Kg3 Kf5 51. Be8 Be5+ 52. Kf3 Bd6 53. Bh5 Bc5 54. Be8
Ke5 55. Kg3 Bb4 56. Bf7 Be1 57. Kf3 Kf5 58. Be8 Bb4 59. Bh5 Bc5 60. Be8 Ke5 61.
Bf7 f5 62. Bh5 Kd4 63. Bg6 Kc3 64. Bf7 Kxb3 65. Bxe6+ Kxa4 66. Bxf5 Kb4 67. h4
Be7 68. hxg5 Bxg5 69. Bd7 1/2-1/2

[Event "Chigorin Memorial 2014"]
[Site "St Petersburg RUS"]
[Date "2014.10.22"]
[Round "5.32"]
[White "Baghdasaryan, Vahe"]
[Black "Ulko, Jaroslav"]
[Result "1-0"]
[WhiteTitle "IM"]
[BlackTitle "IM"]
[WhiteElo "2343"]
[BlackElo "2489"]
[WhiteFideId "13303139"]
[BlackFideId "4116658"]
[EventDate "2014.10.18"]

1. g3 c5 2. Bg2 Nc6 3. c4 g6 4. Nc3 Bg7 5. e4 d6 6. d3 e6 7. Nge2 Nge7 8. O-O
O-O 9. Be3 Nd4 10. Rb1 Nec6 11. f4 Rb8 12. a3 Nxe2+ 13. Nxe2 b5 14. b4 cxb4 15.
axb4 bxc4 16. b5 cxd3 17. Qxd3 Ne7 18. Bxa7 Ra8 19. Be3 Bb7 20. Rfd1 Ra2 21. Qc4
Qa8 22. Rxd6 Nf5 23. exf5 Bxg2 24. fxe6 fxe6 25. Qxe6+ Kh8 26. Bd4 Bh1 27. Bxg7+
Kxg7 28. Rd7+ 1-0

[Event "Chigorin Memorial 2014"]
[Site "St Petersburg RUS"]
[Date "2014.10.22"]
[Round "5.33"]
[White "Gordievsky, Dmitry"]
[Black "Timerkhanov, Alexander"]
[Result "1-0"]
[WhiteTitle "FM"]
[BlackTitle "FM"]
[WhiteElo "2455"]
[BlackElo "2324"]
[WhiteFideId "24112798"]
[BlackFideId "24177938"]
[EventDate "2014.10.18"]

1. d4 d5 2. c4 c6 3. Nc3 Nf6 4. e3 a6 5. Qc2 e6 6. Nf3 c5 7. cxd5 exd5 8. Be2
Nc6 9. O-O cxd4 10. Nxd4 Nxd4 11. exd4 Be6 12. Qb3 b5 13. Bg5 Be7 14. Bf3 O-O
15. Rfd1 Qb6 16. Na4 Qa7 17. Nc5 Bxc5 18. dxc5 Nd7 19. c6 Nb6 20. Rac1 Rfc8 21.
Qb4 Nc4 22. Bf4 a5 23. Qxb5 Rab8 24. Bxb8 Rxb8 25. Rxd5 Bxd5 26. Qxd5 Nb6 27. c7 1-0

[Event "Chigorin Memorial 2014"]
[Site "St Petersburg RUS"]
[Date "2014.10.22"]
[Round "5.34"]
[White "Duzhakov, Ilya"]
[Black "Smirnov, Artem"]
[Result "1/2-1/2"]
[WhiteTitle "FM"]
[BlackTitle "IM"]
[WhiteElo "2341"]
[BlackElo "2450"]
[WhiteFideId "4192516"]
[BlackFideId "4143256"]
[EventDate "2014.10.18"]

1. d4 Nf6 2. c4 e6 3. Nf3 Bb4+ 4. Nbd2 O-O 5. a3 Be7 6. e4 d6 7. b4 e5 8. Bb2
exd4 9. Nxd4 a5 10. Bd3 Re8 11. O-O Bf8 12. Qb3 Nbd7 13. Rfe1 c5 14. Nc2 axb4
15. axb4 Rxa1 16. Bxa1 cxb4 17. Nxb4 Nc5 18. Qb1 Bd7 19. Bc2 Ng4 20. Nf3 Ne5 21.
Nxe5 dxe5 22. Nd5 Bc6 23. Bc3 Qb8 24. Qa1 Bd6 25. Re3 Bxd5 26. exd5 g6 27. Qb1
e4 28. g3 Be5 29. Qb5 b6 30. Bb4 f5 31. Bxc5 bxc5 32. Qxc5 Rc8 33. Qe7 Qd6 34.
Qxd6 Bxd6 35. Bb3 Rb8 36. Ba4 Rb4 37. Bb5 Rb2 38. Kf1 Rb1+ 39. Re1 Rb2 40. Re2
Rxe2 41. Kxe2 Kf7 42. f3 1/2-1/2

[Event "Chigorin Memorial 2014"]
[Site "St Petersburg RUS"]
[Date "2014.10.22"]
[Round "5.35"]
[White "Krapivin, Alexander"]
[Black "Gorozhanin, Mikhail"]
[Result "0-1"]
[WhiteTitle "GM"]
[BlackTitle "FM"]
[WhiteElo "2442"]
[BlackElo "2317"]
[WhiteFideId "4154720"]
[BlackFideId "4178262"]
[EventDate "2014.10.18"]

1. e4 c6 2. Nf3 d5 3. exd5 cxd5 4. Bb5+ Bd7 5. Bxd7+ Nxd7 6. O-O e6 7. d4 Qc7 8.
Nc3 Ngf6 9. Ne5 Nxe5 10. Bf4 Nfd7 11. dxe5 Qc4 12. Qf3 g6 13. Nd1 Bg7 14. Ne3
Qc6 15. Rad1 O-O 16. Qg3 f6 17. c4 fxe5 18. cxd5 exd5 19. Nxd5 exf4 20. Ne7+ Kh8
21. Qh3 Qf6 22. Rxd7 Rad8 23. b3 Qg5 24. Re1 Bd4 25. Rxb7 f3 26. Kh1 Bxf2 27.
Rf1 Bc5 28. Nxg6+ Qxg6 29. gxf3 Rg8 30. Qg3 Qxg3 31. hxg3 Rxg3 32. Kh2 Rg6 33.
f4 Rdg8 0-1

[Event "Chigorin Memorial 2014"]
[Site "St Petersburg RUS"]
[Date "2014.10.22"]
[Round "5.36"]
[White "Ovod, Evgenija"]
[Black "Ziaziulkina, Nastassia"]
[Result "1/2-1/2"]
[WhiteTitle "IM"]
[BlackTitle "IM"]
[WhiteElo "2325"]
[BlackElo "2429"]
[WhiteFideId "4131827"]
[BlackFideId "13505211"]
[EventDate "2014.10.18"]

1. c4 e5 2. g3 Nf6 3. Bg2 Nc6 4. Nf3 Bc5 5. O-O d6 6. e3 O-O 7. d4 Bb6 8. Nc3 a6
9. h3 Re8 10. b3 h6 11. Bb2 Bf5 12. a3 a5 13. Ra2 e4 14. Nd2 Nb8 15. Na4 Ba7 16.
b4 c6 17. Nb3 axb4 18. axb4 Na6 19. Bc3 b5 20. Nb2 bxc4 21. Rxa6 cxb3 22. Qxb3
Bb6 23. Rfa1 Rxa6 24. Rxa6 Qc7 25. Nc4 Be6 26. Bf1 Rb8 27. Qa4 Nd5 28. Nxb6 Rxb6
29. Bd2 Rxa6 30. Qxa6 Qc8 31. Qxc8+ Bxc8 32. b5 cxb5 33. Bxb5 Bxh3 34. Bc6 Nf6
35. Bb4 d5 36. Be7 Be6 37. Bxf6 gxf6 38. f4 f5 39. Kg2 Kg7 40. Kh3 Kf6 41. Kh4
Kg6 1/2-1/2

[Event "Chigorin Memorial 2014"]
[Site "St Petersburg RUS"]
[Date "2014.10.22"]
[Round "5.37"]
[White "Gochelashvili, David"]
[Black "Kashtanov, Ruslan"]
[Result "1/2-1/2"]
[WhiteTitle "IM"]
[BlackTitle "IM"]
[WhiteElo "2427"]
[BlackElo "2316"]
[WhiteFideId "4161203"]
[BlackFideId "4124871"]
[EventDate "2014.10.18"]

1. c4 e5 2. Nc3 Bb4 3. g3 Bxc3 4. dxc3 d6 5. Bg2 a5 6. Nf3 Nc6 7. O-O Nge7 8. c5
dxc5 9. Qxd8+ Kxd8 10. Be3 c4 11. Ng5 Ke8 12. f4 f6 13. Nf3 Nd5 14. Bc5 exf4 15.
Nd2 Be6 16. gxf4 Nde7 17. e4 b6 18. Bf2 Rd8 19. Nf3 Bg4 20. a4 Kf7 21. Nd4 Nxd4
22. cxd4 Nc6 23. d5 Nb4 24. Rfc1 Be2 25. Bf1 Bxf1 26. Kxf1 Rd7 27. Rxc4 Nd3 28.
Ra3 Nxf4 29. Bg3 g5 30. Bxf4 gxf4 31. Rf3 Re8 32. Rxf4 Ree7 33. Rc3 Rd6 34. Kf2
c6 35. Rh4 cxd5 36. Rxh7+ Ke8 37. Rxe7+ Kxe7 38. exd5 Rxd5 39. Kg3 Kf7 40. Rb3
Rd4 41. Rxb6 1/2-1/2

[Event "Chigorin Memorial 2014"]
[Site "St Petersburg RUS"]
[Date "2014.10.22"]
[Round "5.38"]
[White "Isakov, Andrey"]
[Black "Usmanov, Vasily"]
[Result "1-0"]
[BlackTitle "IM"]
[WhiteElo "2258"]
[BlackElo "2427"]
[WhiteFideId "4151003"]
[BlackFideId "4135741"]
[EventDate "2014.10.18"]

1. e4 c5 2. Nf3 d6 3. c3 Nf6 4. Be2 g6 5. O-O Bg7 6. Re1 O-O 7. Bf1 Bg4 8. h3
Bxf3 9. Qxf3 Nc6 10. d3 Rb8 11. Qd1 Qa5 12. Na3 b5 13. Bd2 Qb6 14. Be3 a6 15. g3
d5 16. b4 d4 17. cxd4 cxd4 18. Bd2 Rfc8 19. Qb3 Nd7 20. Rec1 e6 21. f4 Bf8 22.
Nc2 a5 23. a3 e5 24. Bg2 Bd6 25. Rf1 Qc7 26. Rac1 Nb6 27. Ne1 axb4 28. axb4 Qe7
29. Nf3 exf4 30. gxf4 Bxb4 31. Rxc6 Rxc6 32. Bxb4 Qa7 33. Ng5 h6 34. e5 Rc3 35.
Bxc3 dxc3 36. Ne4 Nc4+ 37. Kh2 Qa3 38. Qxc3 Qxc3 39. Nxc3 Ne3 40. Rb1 b4 41. Nd5
Nc2 42. Ne7+ Kg7 43. Nc6 Rb6 44. Rb3 f5 45. d4 Rxc6 46. Bxc6 Nxd4 47. Bd5 Nxb3
48. Bxb3 Kf8 49. h4 Ke7 50. Kg3 1-0

[Event "Chigorin Memorial 2014"]
[Site "St Petersburg RUS"]
[Date "2014.10.22"]
[Round "5.39"]
[White "Paravyan, David"]
[Black "Siagodnik, Anton"]
[Result "1-0"]
[WhiteTitle "IM"]
[BlackTitle "FM"]
[WhiteElo "2424"]
[BlackElo "2208"]
[WhiteFideId "4194985"]
[BlackFideId "13505963"]
[EventDate "2014.10.18"]

1. d4 f5 2. Bg5 g6 3. e3 Bg7 4. Bd3 d6 5. Nc3 Nd7 6. Nge2 Ndf6 7. e4 fxe4 8.
Nxe4 c5 9. dxc5 Nxe4 10. Bxe4 Qa5+ 11. c3 Qxc5 12. Be3 Qc7 13. Nd4 Nf6 14. Bf3
d5 15. Qb3 Qd7 16. Bf4 O-O 17. O-O Kh8 18. Be5 e6 19. Rae1 Qf7 20. Re3 a6 21.
Rfe1 Ne4 22. Bxg7+ Kxg7 23. R1e2 e5 24. Bxe4 exd4 25. Bxd5 Qf4 26. cxd4 Qxd4 27.
Re7+ Kh8 28. h3 Rb8 29. Qg3 Bf5 30. Bxb7 a5 31. Qc7 g5 32. Qg3 g4 33. hxg4 Bxg4
34. Qe5+ Qxe5 35. R2xe5 Rbd8 36. Be4 Rd1+ 37. Kh2 h6 38. f3 1-0

[Event "Chigorin Memorial 2014"]
[Site "St Petersburg RUS"]
[Date "2014.10.22"]
[Round "5.40"]
[White "Sorokin, Aleksey"]
[Black "Caprio, Guido"]
[Result "1-0"]
[BlackTitle "IM"]
[WhiteElo "2246"]
[BlackElo "2412"]
[WhiteFideId "24176460"]
[BlackFideId "834580"]
[EventDate "2014.10.18"]

1. d4 d5 2. c4 e6 3. Nf3 a6 4. cxd5 exd5 5. Nc3 c6 6. Qc2 Bd6 7. Bg5 Ne7 8. e3
f6 9. Bh4 Bf5 10. Bd3 Bxd3 11. Qxd3 Nd7 12. Bg3 Nb6 13. O-O-O O-O 14. Kb1 Bb4
15. a3 Bxc3 16. Qxc3 a5 17. Nd2 Nf5 18. Ka1 Re8 19. Qc5 Nd7 20. Qc2 Nxg3 21.
hxg3 Nf8 22. g4 Qe7 23. Rh3 Qe6 24. Rg3 b6 25. f4 Rac8 26. g5 fxg5 27. fxg5 c5
28. dxc5 bxc5 29. Rf3 Ng6 30. Rh1 d4 31. exd4 cxd4 32. Qd3 Qg4 33. Qb3+ Qe6 34.
Qd3 Qe2 1-0

[Event "Chigorin Memorial 2014"]
[Site "St Petersburg RUS"]
[Date "2014.10.22"]
[Round "5.41"]
[White "Wallace, John Paul"]
[Black "Baraeva, Irina"]
[Result "1-0"]
[WhiteTitle "IM"]
[BlackTitle "WIM"]
[WhiteElo "2408"]
[BlackElo "2197"]
[WhiteFideId "3200957"]
[BlackFideId "24142565"]
[EventDate "2014.10.18"]

1. e4 e6 2. d4 d5 3. Nc3 Nf6 4. e5 Nfd7 5. Nce2 c5 6. f4 Nc6 7. c3 Be7 8. Nf3
O-O 9. h4 cxd4 10. cxd4 f5 11. h5 h6 12. g3 Nb6 13. Bh3 Bd7 14. O-O Rc8 15. Kh2
Nb4 16. a3 Ba4 17. b3 Nc2 18. Rb1 Bb5 19. a4 Ba6 20. Rg1 Nb4 21. Ne1 Qe8 22. g4
Qf7 23. Ng3 fxg4 24. Qxg4 Nd3 25. Nxd3 Bxd3 26. Ra1 Rc2+ 27. Rg2 Rxg2+ 28. Kxg2
Bf5 29. Nxf5 exf5 30. Qg6 Qxg6+ 31. hxg6 Bb4 32. Be3 Nc8 33. Rc1 Ne7 34. Rc7 Rb8
35. Bd2 Bxd2 36. Rxe7 Bxf4 37. Bxf5 Be3 38. Be6+ Kh8 39. Bxd5 Bxd4 40. Bf7 a6
41. e6 b5 42. a5 h5 43. Rd7 Bf6 44. e7 Bxe7 45. Rxe7 b4 46. Re5 1-0

[Event "Chigorin Memorial 2014"]
[Site "St Petersburg RUS"]
[Date "2014.10.22"]
[Round "5.42"]
[White "Kiselev, Pavel"]
[Black "Tsydypov, Zhamsaran"]
[Result "0-1"]
[BlackTitle "FM"]
[WhiteElo "2216"]
[BlackElo "2406"]
[WhiteFideId "4191102"]
[BlackFideId "4108566"]
[EventDate "2014.10.18"]

1. d4 g6 2. Nf3 Bg7 3. e4 d6 4. c3 Nf6 5. Bd3 O-O 6. h3 Nc6 7. O-O e5 8. Re1 h6
9. a3 Re8 10. Qc2 Nh5 11. Be3 Qf6 12. Nbd2 Nf4 13. Bb5 a6 14. Bxc6 bxc6 15. dxe5
dxe5 16. Bxf4 Qxf4 17. Qa4 Qf6 18. Re3 a5 19. Nb3 Ba6 20. c4 Reb8 21. Nxa5 Rxb2
22. Qxc6 Qxc6 23. Nxc6 Bxc4 24. Rc3 Be6 25. Ne7+ Kf8 26. Rxc7 Bf6 27. Nd5 Bxd5
28. exd5 e4 29. Nh2 Bd4 30. Ng4 f5 31. Rd1 Bb6 32. Rh7 fxg4 33. Rh8+ Kf7 34.
Rxa8 g3 35. Ra4 Rxf2 36. Re1 Rf5+ 37. Kh1 e3 38. Rb4 e2 39. Rbb1 Rf2 40. Rg1 Be3
41. Rge1 Bd2 42. Kg1 Ke7 43. a4 Kd6 44. Ra1 Bxe1 45. Rxe1 Kxd5 0-1

[Event "Chigorin Memorial 2014"]
[Site "St Petersburg RUS"]
[Date "2014.10.22"]
[Round "5.43"]
[White "Slavin, Alexey"]
[Black "Pashinsky, Mikhail"]
[Result "0-1"]
[WhiteTitle "IM"]
[WhiteElo "2397"]
[BlackElo "2190"]
[WhiteFideId "24104388"]
[BlackFideId "4152450"]
[EventDate "2014.10.18"]

1. d4 d6 2. Nf3 Nf6 3. c4 g6 4. Nc3 Bg7 5. h3 O-O 6. e4 e5 7. d5 a5 8. g4 Na6 9.
Be3 Nd7 10. Be2 Ndc5 11. g5 c6 12. a3 cxd5 13. cxd5 Bd7 14. Nd2 f5 15. gxf6 Qxf6
16. Nc4 a4 17. Nb6 Rad8 18. Nxd7 Rxd7 19. Rf1 Rdf7 20. Bc4 h5 21. Qe2 Rc8 22.
O-O-O Kh7 23. Kb1 Bh6 24. Bxa6 Nxa6 25. Qd2 Bxe3 26. fxe3 Qe7 27. Nxa4 Rcf8 28.
Qg2 Qh4 29. Rg1 Rf6 30. Rd2 Kh6 31. Nc3 g5 32. b4 Rf3 33. Qe2 Qxh3 34. Qb5 Rf1+
35. Rd1 Rxg1 36. Rxg1 Qxe3 37. Rc1 Rf7 38. Qe8 Qf3 39. Qh8+ Kg6 40. Qg8+ Kh6 41.
Qh8+ Kg6 42. Qg8+ Rg7 43. Qe8+ Qf7 44. Qd8 Qd7 45. Qf8 Nc7 46. Rf1 Ne8 47. a4
Rf7 48. Qg8+ Ng7 49. Rxf7 Qxf7 50. Qxf7+ Kxf7 51. b5 Ke7 52. a5 Kd7 53. a6 bxa6
54. bxa6 Ne8 55. a7 Nc7 56. Kc2 h4 57. Kd2 h3 58. Nd1 h2 59. Nf2 g4 60. Nh1 Kc8
61. Ke2 Kb7 62. Kf2 Ne8 63. Kg2 Nf6 64. Ng3 Kxa7 65. Kxh2 Kb6 66. Kg2 Kc5 67.
Kf2 Kd4 68. Nf5+ Kxe4 69. Nxd6+ Kf4 70. Nf7 Nxd5 71. Nd8 g3+ 72. Ke2 Nc3+ 73.
Ke1 Ke3 74. Kf1 Kf3 75. Nf7 g2+ 76. Kg1 Ne2+ 0-1

[Event "Chigorin Memorial 2014"]
[Site "St Petersburg RUS"]
[Date "2014.10.22"]
[Round "5.44"]
[White "Grigorjev, Iljya"]
[Black "Pasiev, Rakhim"]
[Result "1-0"]
[BlackTitle "IM"]
[WhiteElo "2203"]
[BlackElo "2393"]
[WhiteFideId "24159565"]
[BlackFideId "24122475"]
[EventDate "2014.10.18"]

1. e4 c5 2. Nf3 e6 3. d4 cxd4 4. Nxd4 a6 5. Nc3 Qc7 6. Be3 b5 7. Bd3 Bb7 8. f3
Nf6 9. Qd2 d5 10. exd5 Nxd5 11. Nxd5 Bxd5 12. O-O Bd6 13. f4 Qb7 14. Qf2 Nd7 15.
c3 Nf6 16. Rae1 g5 17. Nf5 exf5 18. Bc5+ Ne4 19. Bxe4 Bxe4 20. Bxd6 O-O-O 21.
Be5 Rhg8 22. Rxe4 fxe4 23. Qc5+ Kd7 24. Bf6 Rb8 25. Rd1+ Ke8 26. Qe5+ Kf8 27.
Rd7 1-0

[Event "Chigorin Memorial 2014"]
[Site "St Petersburg RUS"]
[Date "2014.10.22"]
[Round "5.45"]
[White "Harika, Dronavalli"]
[Black "Savinov, Leonid"]
[Result "1-0"]
[WhiteTitle "GM"]
[WhiteElo "2528"]
[BlackElo "2184"]
[WhiteFideId "5015197"]
[BlackFideId "4166264"]
[EventDate "2014.10.18"]

1. Nf3 Nf6 2. c4 e6 3. g3 b6 4. Bg2 Bb7 5. O-O c5 6. Nc3 Be7 7. Re1 Ne4 8. Nxe4
Bxe4 9. d3 Bb7 10. e4 O-O 11. d4 cxd4 12. Nxd4 d6 13. b3 a6 14. Bb2 Nd7 15. Qe2
Qc7 16. Rad1 Rfd8 17. f4 Nc5 18. h4 Bf6 19. Kh2 Bxd4 20. Rxd4 e5 21. Rd2 Re8 22.
f5 b5 23. Red1 Rad8 24. cxb5 axb5 25. b4 Na4 26. Qxb5 Nxb2 27. Rxb2 d5 28. exd5
e4 29. d6 Qc3 30. d7 Rf8 31. Re2 Bc6 32. Qc5 Qxc5 33. bxc5 Bxd7 34. Red2 1-0

[Event "Chigorin Memorial 2014"]
[Site "St Petersburg RUS"]
[Date "2014.10.22"]
[Round "5.46"]
[White "Tseitlin, Mark D"]
[Black "Timofeev, Artyom"]
[Result "0-1"]
[WhiteTitle "GM"]
[BlackTitle "GM"]
[WhiteElo "2320"]
[BlackElo "2598"]
[WhiteFideId "2800128"]
[BlackFideId "4140419"]
[EventDate "2014.10.18"]

1. e4 c5 2. Nf3 e6 3. Nc3 Nc6 4. d4 cxd4 5. Nxd4 Qc7 6. Be3 Nf6 7. Qf3 a6 8.
O-O-O Bb4 9. Nxc6 Bxc3 10. Nd4 Bb4 11. Bf4 e5 12. Bh6 Bf8 13. Bxg7 Bxg7 14. Nf5
O-O 15. Qg3 Ne8 16. Qh4 d6 17. g4 Bxf5 18. gxf5 Qd8 19. Qg3 b5 20. Kb1 Kh8 21.
c4 Rb8 22. cxb5 axb5 23. Bd3 d5 24. exd5 Nd6 25. f3 Qf6 26. Be4 Bh6 27. Rd3 Nxf5
28. Qh3 Nd6 29. Re1 b4 30. Rb3 Rfc8 0-1

[Event "Chigorin Memorial 2014"]
[Site "St Petersburg RUS"]
[Date "2014.10.22"]
[Round "5.47"]
[White "Palchun, Grigory"]
[Black "Gabrielian, Artur"]
[Result "0-1"]
[BlackTitle "GM"]
[WhiteElo "2284"]
[BlackElo "2557"]
[WhiteFideId "24147338"]
[BlackFideId "4131002"]
[EventDate "2014.10.18"]

1. d4 Nf6 2. Nf3 g6 3. Bf4 Bg7 4. e3 O-O 5. h3 c5 6. Be2 d6 7. O-O Nc6 8. d5 Nb4
9. Nc3 Bf5 10. a3 Na6 11. Nd2 Nc7 12. e4 Bc8 13. a4 b6 14. Nc4 Ba6 15. Qd2 Bxc4
16. Bxc4 Nd7 17. Bh6 a6 18. Bxg7 Kxg7 19. f4 f6 20. h4 Qe8 21. Rf3 b5 22. axb5
Nb6 23. Be2 axb5 24. Rxa8 Qxa8 25. Nxb5 Nxb5 26. Bxb5 Qa1+ 27. Kh2 Qxb2 28. Rb3
Qa1 29. c3 Ra8 30. e5 Ra2 31. exf6+ exf6 32. Qe3 Nxd5 33. Qe4 Qc1 34. Qxd5 Qxf4+
35. Kh3 g5 36. hxg5 fxg5 37. Qc4 g4+ 38. Kh4 Qf6+ 39. Kg3 Qf2+ 40. Kxg4 Qxg2+ 0-1

[Event "Chigorin Memorial 2014"]
[Site "St Petersburg RUS"]
[Date "2014.10.22"]
[Round "5.48"]
[White "Oral, Tomas"]
[Black "Biriukov, Oleg V."]
[Result "1-0"]
[WhiteTitle "GM"]
[BlackTitle "IM"]
[WhiteElo "2513"]
[BlackElo "2327"]
[WhiteFideId "303739"]
[BlackFideId "4123174"]
[EventDate "2014.10.18"]

1. e4 e6 2. d4 d5 3. Nd2 c5 4. Ngf3 cxd4 5. Nxd4 Nc6 6. Bb5 Bd7 7. Nxc6 Bxc6 8.
Bxc6+ bxc6 9. c4 Qa5 10. O-O Nf6 11. exd5 cxd5 12. a3 Qa6 13. cxd5 Nxd5 14. Ne4
Be7 15. Qg4 g6 16. Qg3 O-O 17. b4 f5 18. Nc5 Bxc5 19. bxc5 f4 20. Qg4 Rae8 21.
Re1 Rf5 22. Bb2 Qb5 23. Bd4 e5 24. Qe2 Qxe2 25. Rxe2 Nc7 26. Bb2 e4 27. Rc1 Rd5
28. Kf1 Kf7 29. Rce1 f3 30. gxf3 exf3 31. Rxe8 Nxe8 32. c6 Rd2 33. Bc3 Rd3 34.
Bb4 Nd6 35. Re3 Rxe3 36. fxe3 Ke6 37. Kf2 Ne8 38. e4 a5 39. Bxa5 Kd6 40. c7 1-0

[Event "Chigorin Memorial 2014"]
[Site "St Petersburg RUS"]
[Date "2014.10.22"]
[Round "5.49"]
[White "Airapetian, Gor"]
[Black "Khanin, Semen"]
[Result "1/2-1/2"]
[WhiteTitle "IM"]
[WhiteElo "2502"]
[BlackElo "2292"]
[WhiteFideId "4177916"]
[BlackFideId "4111990"]
[EventDate "2014.10.18"]

1. d4 d5 2. c4 e6 3. Nc3 c5 4. cxd5 exd5 5. Nf3 Nc6 6. g3 Nf6 7. Bg2 Be7 8. O-O
O-O 9. Bg5 cxd4 10. Nxd4 h6 11. Bf4 Bg4 12. h3 Bd7 13. Rc1 Rc8 14. Nxd5 Nxd5 15.
Bxd5 Bxh3 16. Nxc6 bxc6 17. Bg2 Bxg2 18. Qxd8 Rfxd8 19. Kxg2 Rd5 20. b3 Ra5 21.
Rc2 Bg5 22. Bd6 Re8 23. Rd1 Rd8 24. Bc7 Rxd1 25. Bxa5 Rc1 26. Rb2 c5 27. Bd2
Bxd2 28. Rxd2 c4 29. bxc4 Rxc4 30. Rd8+ Kh7 31. Rd7 Ra4 32. Rxf7 Rxa2 33. e4 Kg6
34. Rc7 a5 35. Rc6+ Kg5 36. Rc5+ Kg6 37. g4 Kf6 38. Rf5+ Ke6 39. Kg3 a4 40. Ra5
a3 41. g5 1/2-1/2

[Event "Chigorin Memorial 2014"]
[Site "St Petersburg RUS"]
[Date "2014.10.22"]
[Round "5.50"]
[White "Chekhov, Sergei"]
[Black "Palachev, Petr"]
[Result "1-0"]
[WhiteTitle "IM"]
[BlackTitle "FM"]
[WhiteElo "2474"]
[BlackElo "2288"]
[WhiteFideId "4195639"]
[BlackFideId "24129003"]
[EventDate "2014.10.18"]

1. e4 c6 2. d4 d5 3. exd5 cxd5 4. c4 Nf6 5. Nc3 g6 6. cxd5 Nxd5 7. Qb3 Nb6 8.
Bb5+ Bd7 9. Nf3 Bg7 10. a4 O-O 11. Bxd7 Qxd7 12. a5 Nc8 13. Ne5 Qxd4 14. Be3
Qxe5 15. Qxb7 Bh6 16. O-O Bxe3 17. fxe3 Qxe3+ 18. Kh1 Nd6 19. Qxa8 Na6 20. Rae1
Qxe1 21. Qxf8+ Kxf8 22. Rxe1 h5 23. Ne4 Nb5 24. Nc5 Nac7 25. Re3 e6 26. Rb3 Nd6
27. Nd7+ Ke7 28. Ne5 Ncb5 29. h4 Kf6 30. Nc4 Nd4 31. Rd3 Nxc4 32. Rxd4 Nxa5 33.
Ra4 Nb3 34. Rxa7 e5 35. Rb7 Nd4 36. b4 Ke6 37. b5 Kd5 38. b6 Kc6 39. Rxf7 Kxb6
40. Re7 Nf5 41. Rxe5 Kc7 42. Kh2 Kd6 43. Ra5 Ke6 44. Ra6+ Kf7 45. g3 Kg7 46. Kg2
Nd4 47. Kf2 Nf5 48. Kf3 Nh6 49. Ke4 Ng4 50. Ra7+ Kf6 51. Kf4 Nh6 52. Ra6+ Kg7
53. Ke5 Ng4+ 54. Ke6 Kg8 55. Ra7 Kf8 56. Ra8+ Kg7 57. Ra4 Kg8 58. Rxg4 hxg4 59.
Kf6 Kh7 60. Kg5 Kg7 61. Kxg4 1-0

[Event "Chigorin Memorial 2014"]
[Site "St Petersburg RUS"]
[Date "2014.10.22"]
[Round "5.51"]
[White "Sargissyan, Sargis"]
[Black "Malakhov, Igor"]
[Result "1/2-1/2"]
[BlackTitle "IM"]
[WhiteElo "2284"]
[BlackElo "2441"]
[WhiteFideId "13303210"]
[BlackFideId "4183088"]
[EventDate "2014.10.18"]

1. e4 c5 2. Nf3 Nc6 3. d4 cxd4 4. Nxd4 Qb6 5. Nb3 Nf6 6. Nc3 e6 7. Bd3 d6 8. Be3
Qc7 9. f4 a6 10. Qf3 Be7 11. O-O-O Nb4 12. Kb1 b5 13. g4 Bb7 14. g5 Nd7 15. Qh3
O-O 16. Rhg1 Rfc8 17. f5 Nxd3 18. g6 hxg6 19. fxg6 Bf6 20. gxf7+ Kxf7 21. cxd3
Rh8 22. Qg2 b4 23. Rdf1 Ke8 24. Ne2 Nf8 25. Rc1 Qd8 26. Nf4 Rc8 27. Nd4 Rxc1+
28. Rxc1 Kf7 29. Qc2 Qd7 30. Nf3 g5 31. Ng2 g4 32. Ng5+ Ke8 33. Rh1 Rg8 34. h4
gxh3 35. Nxh3 e5 36. Qf2 Qe6 37. Nh4 d5 38. Rf1 Nd7 39. Qf5 Ke7 40. Ng6+ Rxg6
41. Qxg6 Qxh3 42. Bc5+ Kd8 43. Bb6+ Ke7 44. Bc5+ Kd8 45. Bb6+ Ke7 1/2-1/2

[Event "Chigorin Memorial 2014"]
[Site "St Petersburg RUS"]
[Date "2014.10.22"]
[Round "5.52"]
[White "Munguntuul, Batkhuyag"]
[Black "Leontiev, Aleksandr V."]
[Result "1-0"]
[WhiteTitle "IM"]
[BlackTitle "IM"]
[WhiteElo "2433"]
[BlackElo "2281"]
[WhiteFideId "4900758"]
[BlackFideId "4122968"]
[EventDate "2014.10.18"]

1. e4 e5 2. Nf3 Nc6 3. Bb5 a6 4. Ba4 d6 5. O-O Bg4 6. h3 h5 7. Bxc6+ bxc6 8. d4
Bxf3 9. Qxf3 exd4 10. Rd1 Qf6 11. Qb3 Ne7 12. Qb7 Rc8 13. Nd2 Qe5 14. Qxa6 Qb5
15. Qa3 Ng6 16. Nf3 c5 17. c3 d3 18. Qb3 Qxb3 19. axb3 Rb8 20. Ra3 Be7 21. Rxd3
c4 22. Rd5 cxb3 23. Rda5 d5 24. Ra1 Bd8 25. Ra6 dxe4 26. Nd4 c6 27. Nxc6 Rb7 28.
Nxd8 Kxd8 29. Rxg6 fxg6 30. Ra8+ 1-0

[Event "Chigorin Memorial 2014"]
[Site "St Petersburg RUS"]
[Date "2014.10.22"]
[Round "5.53"]
[White "Iljiushenok, Ilia"]
[Black "Ovchinnikov, Vsevolod"]
[Result "1-0"]
[BlackTitle "FM"]
[WhiteElo "2433"]
[BlackElo "2272"]
[WhiteFideId "24105074"]
[BlackFideId "24176842"]
[EventDate "2014.10.18"]

1. e4 e6 2. d4 d5 3. e5 c5 4. c3 Qb6 5. Nf3 Nc6 6. a3 Nh6 7. b4 cxd4 8. cxd4 Nf5
9. Be3 f6 10. exf6 gxf6 11. Bd3 Nxe3 12. fxe3 Bh6 13. Qe2 Bd7 14. Nc3 Ne7 15.
Rc1 O-O 16. Nd2 e5 17. Nb3 Qd6 18. O-O f5 19. dxe5 Qxe5 20. Rf3 Rac8 21. Nc5 Be8
22. Rh3 Rf6 23. Qe1 b6 24. Nb3 Re6 25. Kf2 f4 26. e4 f3 27. Rc2 d4 28. Nd1 Rxc2+
29. Bxc2 fxg2 30. Kxg2 Ng6 31. Kh1 Nf4 32. Rg3+ Rg6 33. Nf2 Rxg3 34. hxg3 Qh5+
35. Kg1 Nh3+ 36. Nxh3 Qxh3 37. Nxd4 Bf7 38. Nf5 Bg7 39. Qd1 Bf8 40. Bb3 h5 41.
Qd7 1-0